[Event "Washington State-ch"]
[Site "Seattle"]
[Date "2014.02.09"]
[Round "4"]
[White "Koons, Nathaniel"]
[Black "Feng, Roland"]
[Result "1-0"]
[WhiteElo "2262"]
[BlackElo "2100"]
[PlyCount "85"]
[EventDate "2014.02.08"]
[EventType "tourn"]
[EventRounds "9"]
[EventCountry "USA"]
[SourceTitle "EXT 2017"]
[Source "ChessBase"]
[SourceDate "2016.10.25"]
[SourceVersion "1"]
[SourceVersionDate "2016.10.25"]
[SourceQuality "1"]

1. d4 Nf6 2. c4 e6 3. Nf3 Bb4+ 4. Nbd2 b6 5. g3 Bb7 6. Bg2 0-0 7. 0-0 Be7 8. Qc2 d6 9. e4 c5 10. e5 dxe5 11. dxe5 Ng4 12. h3 Nh6 13. Ng5 Bxg5 14. Bxb7 Nd7 15. f4 Be7 16. Bxa8 Qxa8 17. Qe4 Qc8 18. Nf3 f5 19. Qe2 Nf7 20. Bd2 Nd8 21. Rad1 Nc6 22. Bc3 h6 23. Rd2 Rf7 24. Rfd1 Nf8 25. b3 g6 26. Qe3 Rg7 27. g4 g5 28. Rg2 fxg4 29. hxg4 gxf4 30. Qxf4 Ng6 31. Qxh6 Qf8 32. Rf1 Nf4 33. Nd2 Bg5 34. Qh1 Rh7 35. Rh2 Ne2+ 36. Kg2 Rxh2+ 37. Qxh2 Qd8 38. Qh5 Nxc3 39. Qg6+ Kh8 40. Rh1+ Bh4 41. Nf3 Nxe5 42. Rxh4+ Qxh4 43. Qe8+ 1-0

[Event "Washington State-ch"]
[Site "Seattle"]
[Date "2014.02.08"]
[Round "1"]
[White "Koons, Nathaniel"]
[Black "Tiglon, Bryce"]
[Result "1-0"]
[WhiteElo "2262"]
[BlackElo "2128"]
[PlyCount "59"]
[EventDate "2014.02.08"]
[EventType "tourn"]
[EventRounds "9"]
[EventCountry "USA"]
[SourceTitle "EXT 2017"]
[Source "ChessBase"]
[SourceDate "2016.10.25"]
[SourceVersion "1"]
[SourceVersionDate "2016.10.25"]
[SourceQuality "1"]

1. Nf3 d5 2. d4 Nf6 3. c4 e6 4. Nc3 Be7 5. Bf4 0-0 6. e3 b6 7. a3 Ba6 8. Ne5 Bb7 9. Rc1 dxc4 10. Bxc4 Nbd7 11. 0-0 c5 12. dxc5 Nxc5 13. b4 Nce4 14. Nxe4 Nxe4 15. Qa4 Nd6 16. Ba6 Bd5 17. Rfd1 g5 18. Bg3 f6 19. Nc6 Bxc6 20. Rxc6 e5 21. Qb3+ Kg7 22. Qe6 Qe8 23. Rc7 Rf7 24. h4 Bf8 25. Rxf7+ Nxf7 26. Qf5 Nd6 27. Rxd6 Bxd6 28. hxg5 fxg5 29. Bb7 Rd8 30. Qxg5+ 1-0

[Event "Washington op"]
[Site "Redmond"]
[Date "2010.05.30"]
[Round "4"]
[White "Koons, Nathaniel"]
[Black "Sinanan, Joshua C"]
[Result "1-0"]
[WhiteElo "2267"]
[BlackElo "2258"]
[PlyCount "122"]
[EventDate "2010.05.30"]
[EventType "swiss"]
[EventRounds "6"]
[EventCountry "USA"]
[SourceTitle "EXT 2017"]
[Source "ChessBase"]
[SourceDate "2016.10.25"]
[SourceVersion "1"]
[SourceVersionDate "2016.10.25"]
[SourceQuality "1"]

1. d4 Nf6 2. c4 e6 3. Nc3 Bb4 4. e3 0-0 5. Bd3 b6 6. Nge2 Bb7 7. a3 Bxc3+ 8. Nxc3 d5 9. cxd5 exd5 10. b4 Nbd7 11. 0-0 Re8 12. Rb1 c6 13. Qc2 Nf8 14. a4 Rc8 15. Ba3 Ne6 16. Rfc1 Qd7 17. Bf5 g6 18. Bd3 Nh5 19. Be2 Nhg7 20. Qa2 Red8 21. Rd1 f5 22. b5 c5 23. dxc5 bxc5 24. Bc4 d4 25. Bxc5 Rxc5 26. Rxd4 Qe7 27. Bxe6+ Nxe6 28. Rxd8+ Qxd8 29. Qxe6+ Kg7 30. Ne2 Qd3 31. Qe7+ Kg8 32. Qxc5 Qxb1+ 33. Qc1 Qe4 34. f3 Qxa4 35. Nd4 Qb4 36. Qd1 a6 37. Ne6 Bc8 38. Qd8+ Kf7 39. Ng5+ Kg7 40. Qc7+ Kh6 41. Nf7+ Kh5 42. g4+ fxg4 43. Ne5 Qe1+ 44. Kg2 Qe2+ 45. Kg3 Qe1+ 46. Kf4 g5+ 47. Ke4 Qb1+ 48. Kd4 Qb2+ 49. Ke4 Qb1+ 50. Kd4 Qb2+ 51. Kd3 Qxb5+ 52. Kc3 Qb1 53. Qf7+ Kh4 54. Qf6 Qc1+ 55. Kd4 Qd2+ 56. Nd3 h5 57. f4 Qa5 58. fxg5 Qa1+ 59. Kc5 Qa5+ 60. Kd4 Qxg5 61. Qxg5+ Kxg5 1-0

[Event "Washington State-ch"]
[Site "Seattle"]
[Date "2008.02.17"]
[Round "8"]
[White "Lee, Michael"]
[Black "Koons, Nathaniel"]
[Result "1-0"]
[WhiteElo "2244"]
[BlackElo "2293"]
[PlyCount "73"]
[EventDate "2008.02.09"]
[EventType "tourn"]
[EventRounds "9"]
[EventCountry "USA"]
[SourceTitle "EXT 2017"]
[Source "ChessBase"]
[SourceDate "2016.10.25"]
[SourceVersion "1"]
[SourceVersionDate "2016.10.25"]
[SourceQuality "1"]

1. c4 Nf6 2. Nc3 c5 3. g3 e6 4. Nf3 b6 5. Bg2 Bb7 6. 0-0 a6 7. d4 cxd4 8. Qxd4 d6 9. Rd1 Nbd7 10. Ng5 Bxg2 11. Kxg2 Rc8 12. Nge4 Rc6 13. b3 Be7 14. Ba3 Qa8 15. Kg1 Nc5 16. b4 Ncd7 17. b5 axb5 18. Nxb5 Nxe4 19. Qxe4 0-0 20. Bxd6 Nf6 21. Qe5 Bxd6 22. Nxd6 Qa4 23. Rd4 Rc5 24. Qe3 Ra8 25. Rad1 g6 26. R1d2 Kg7 27. Rf4 Raa5 28. Qf3 Qb4 29. Rxf6 Qxd2 30. Rxf7+ Kh6 31. Rd7 Qc1+ 32. Kg2 Rf5 33. Nxf5+ exf5 34. Qb7 Qxc4 35. Rxh7+ Kg5 36. h4+ Kf6 37. Qe7# 1-0

[Event "Washington Class-ch Master"]
[Site "Seattle"]
[Date "2007.11.24"]
[Round "4"]
[White "Roper, David C"]
[Black "Koons, Nathaniel"]
[Result "1/2-1/2"]
[WhiteElo "2288"]
[BlackElo "2293"]
[PlyCount "65"]
[EventDate "2007.11.23"]
[EventType "swiss"]
[EventRounds "6"]
[EventCountry "USA"]
[SourceTitle "EXT 2017"]
[Source "ChessBase"]
[SourceDate "2016.10.25"]
[SourceVersion "1"]
[SourceVersionDate "2016.10.25"]
[SourceQuality "1"]

1. Nf3 Nf6 2. b3 c5 3. c4 g6 4. Bb2 Bg7 5. e4 Nc6 6. a3 0-0 7. Qc2 e6 8. Be2 d5 9. d3 Nd4 10. Nxd4 cxd4 11. exd5 exd5 12. c5 Ng4 13. Bxg4 Bxg4 14. 0-0 Re8 15. f3 Bf5 16. Bc1 Qh4 17. g4 Re1 18. gxf5 Rae8 19. Qf2 Rxf1+ 20. Kxf1 Qh3+ 21. Kg1 Bf6 22. Qf1 Qh4 23. Bd2 Be5 24. Qf2 Qh3 25. Qg2 Bxh2+ 26. Qxh2 Qxf3 27. Nc3 dxc3 28. Bxc3 d4 29. fxg6 hxg6 30. Re1 Re3 31. Qb8+ Kh7 32. Qh2+ Kg8 33. Qb8+ 1/2-1/2

[Event "Budapest FS05 GM"]
[Site "Budapest"]
[Date "2007.05.15"]
[Round "13"]
[White "Ilincic, Zlatko"]
[Black "Koons, Nathaniel"]
[Result "1-0"]
[WhiteElo "2488"]
[BlackElo "2289"]
[PlyCount "57"]
[EventDate "2007.05.05"]
[EventType "tourn"]
[EventRounds "14"]
[EventCountry "HUN"]
[EventCategory "7"]
[SourceTitle "CBM 118 Extra"]
[Source "ChessBase"]
[SourceDate "2007.07.04"]
[SourceVersion "1"]
[SourceVersionDate "2007.07.04"]
[SourceQuality "1"]

1. d4 d5 2. c4 dxc4 3. e4 Nc6 4. Be3 Nf6 5. f3 e5 6. d5 Nd4 7. Bxd4 exd4 8. Qxd4 c6 9. Bxc4 cxd5 10. Bb5+ Bd7 11. Bxd7+ Qxd7 12. e5 Qe6 13. Nc3 Rc8 14. Qxa7 Qxe5+ 15. Nge2 Bc5 16. Qa4+ Kf8 17. 0-0-0 Be3+ 18. Kb1 g6 19. g4 Kg7 20. f4 Qe6 21. f5 Qe5 22. Rhf1 Rc4 23. Qb3 Rhc8 24. fxg6 hxg6 25. Rxf6 Kxf6 26. Qxb7 d4 27. Rf1+ Kg5 28. h4+ Kxh4 29. Qh1+ 1-0

[Event "Budapest FS05 GM"]
[Site "Budapest"]
[Date "2007.05.11"]
[Round "8"]
[White "Bui, Vinh"]
[Black "Koons, Nathaniel"]
[Result "1-0"]
[WhiteElo "2483"]
[BlackElo "2289"]
[PlyCount "79"]
[EventDate "2007.05.05"]
[EventType "tourn"]
[EventRounds "14"]
[EventCountry "HUN"]
[EventCategory "7"]
[SourceTitle "CBM 118 Extra"]
[Source "ChessBase"]
[SourceDate "2007.07.04"]
[SourceVersion "1"]
[SourceVersionDate "2007.07.04"]
[SourceQuality "1"]

1. c4 e6 2. Nc3 d5 3. d4 Nf6 4. Nf3 dxc4 5. e3 a6 6. a4 c5 7. Bxc4 Nc6 8. 0-0 Be7 9. dxc5 Qxd1 10. Rxd1 Bxc5 11. h3 b6 12. e4 Bb7 13. e5 Nd7 14. Bf4 g5 15. Bg3 h5 16. Nxg5 Ncxe5 17. Bf1 Ke7 18. Nge4 h4 19. Bf4 f6 20. a5 Rhg8 21. Nxc5 bxc5 22. Kh1 Rab8 23. f3 c4 24. Rd2 Bc6 25. Re1 Rb4 26. Re3 Rgb8 27. Bxe5 Nxe5 28. Rd4 Rxb2 29. Rxh4 Rc2 30. Bxc4 Rbb2 31. Rh7+ Kf8 32. Be2 Rb3 33. f4 Rcxc3 34. Rxc3 Rxc3 35. fxe5 Rc1+ 36. Kh2 Rc2 37. Rc7 fxe5 38. h4 Ke8 39. Bf3 e4 40. Bd1 1-0

[Event "Budapest FS05 GM"]
[Site "Budapest"]
[Date "2007.05.10"]
[Round "7"]
[White "Kosic, Dragan"]
[Black "Koons, Nathaniel"]
[Result "1/2-1/2"]
[WhiteElo "2507"]
[BlackElo "2289"]
[PlyCount "52"]
[EventDate "2007.05.05"]
[EventType "tourn"]
[EventRounds "14"]
[EventCountry "HUN"]
[EventCategory "7"]
[SourceTitle "CBM 118 Extra"]
[Source "ChessBase"]
[SourceDate "2007.07.04"]
[SourceVersion "1"]
[SourceVersionDate "2007.07.04"]
[SourceQuality "1"]

1. d4 d5 2. Nf3 Nf6 3. e3 c5 4. Bd3 Bg4 5. c3 Nc6 6. Nbd2 e6 7. 0-0 cxd4 8. exd4 Bd6 9. Re1 0-0 10. Nf1 Re8 11. Bg5 h6 12. Bh4 e5 13. dxe5 Nxe5 14. Be2 Ng6 15. Bxf6 Qxf6 16. Nd4 Bxe2 17. Rxe2 Nf4 18. Rxe8+ Rxe8 19. Ne3 Bc5 20. Ndc2 Qb6 21. b4 Bxe3 22. Nxe3 Qc6 23. Qf3 Qxc3 24. Rd1 d4 25. Qxf4 dxe3 26. fxe3 g5 1/2-1/2

[Event "Budapest FS05 GM"]
[Site "Budapest"]
[Date "2007.05.07"]
[Round "2"]
[White "Vajda, Levente"]
[Black "Koons, Nathaniel"]
[Result "1-0"]
[WhiteElo "2549"]
[BlackElo "2289"]
[PlyCount "131"]
[EventDate "2007.05.05"]
[EventType "tourn"]
[EventRounds "14"]
[EventCountry "HUN"]
[EventCategory "7"]
[SourceTitle "CBM 118 Extra"]
[Source "ChessBase"]
[SourceDate "2007.07.04"]
[SourceVersion "1"]
[SourceVersionDate "2007.07.04"]
[SourceQuality "1"]

1. e4 c6 2. d4 d5 3. exd5 cxd5 4. c4 Nf6 5. Nc3 e6 6. Nf3 Bb4 7. cxd5 Nxd5 8. Bd2 Nc6 9. Bd3 0-0 10. 0-0 Be7 11. Qe2 Bf6 12. Qe4 g6 13. Bh6 Re8 14. Bb5 Bd7 15. Nxd5 exd5 16. Qxd5 Bg4 17. Bxc6 bxc6 18. Qxc6 Rc8 19. Qa6 Bxf3 20. gxf3 Bxd4 21. Rac1 Rxc1 22. Bxc1 Qh4 23. Kg2 Kg7 24. Qc4 Re4 25. Qd3 Re6 26. b3 g5 27. h3 h5 28. f4 Bf6 29. Rg1 gxf4 30. Kf1+ Bg5 31. Bb2+ Kh6 32. Qf5 Bf6 33. Bc1 Be5 34. Rg8 Qf6 35. Qc2 Rc6 36. Qb1 Rc3 37. Kg1 Qd6 38. Kh2 Qe6 39. Rg3 Qb6 40. Rg2 Qc6 41. Qf5 Qf6 42. Qxf6+ Bxf6 43. Bxf4+ Kh7 44. Be3 a6 45. Rg1 Rc2 46. a4 Rb2 47. Rc1 Rxb3 48. Rc5 Kg6 49. Ra5 Ra3 50. Rxa6 Kf5 51. Ra7 Be5+ 52. Kg2 Ke4 53. Rxf7 Rxa4 54. Rh7 Ra8 55. Rxh5 Rg8+ 56. Bg5 Bf4 57. h4 Rg6 58. Kh3 Kf3 59. Bxf4 Kxf4 60. Rh8 Rf6 61. h5 Kf3 62. Kh4 Kxf2 63. h6 Kf3 64. Kg5 Rf4 65. h7 Rg4+ 66. Kh5 1-0

[Event "Washington State-ch"]
[Site "Seattle"]
[Date "2007.02.17"]
[Round "6"]
[White "Pupols, Viktors"]
[Black "Koons, Nathaniel"]
[Result "0-1"]
[WhiteElo "2185"]
[BlackElo "2280"]
[PlyCount "76"]
[EventDate "2007.02.10"]
[EventType "tourn"]
[EventRounds "9"]
[EventCountry "USA"]
[SourceTitle "EXT 2017"]
[Source "ChessBase"]
[SourceDate "2016.10.25"]
[SourceVersion "1"]
[SourceVersionDate "2016.10.25"]
[SourceQuality "1"]

1. Nf3 d5 2. c4 c6 3. b3 Bg4 4. e3 e5 5. h3 Bxf3 6. Qxf3 Nf6 7. Bb2 Bd6 8. Qd1 0-0 9. Be2 Nbd7 10. d3 Bb4+ 11. Nd2 dxc4 12. bxc4 Nc5 13. Qc2 Qa5 14. Bc1 Bc3 15. Rb1 Nfe4 16. dxe4 Rad8 17. 0-0 Bxd2 18. Bf3 Bxc1 19. Qxc1 Rd2 20. Rb2 Rfd8 21. Qa1 R2d6 22. Rc2 f6 23. Qb2 b6 24. Qb1 Qa3 25. Kh2 Kf8 26. Rfc1 Rd2 27. Qa1 Ke7 28. h4 Nb3 29. axb3 Qxa1 30. Rxa1 Rxc2 31. Rxa7+ Rd7 32. Ra6 Rb7 33. Kg3 Rc3 34. Ra3 Kd6 35. Bd1 Kc5 36. Kf3 Rd7 37. Ra1 Rd2 38. Be2 Rxb3 0-1

[Event "Washington State-ch"]
[Site "Seattle"]
[Date "2007.02.11"]
[Round "3"]
[White "Perez, Ignacio"]
[Black "Koons, Nathaniel"]
[Result "1-0"]
[WhiteElo "2135"]
[BlackElo "2280"]
[PlyCount "75"]
[EventDate "2007.02.10"]
[EventType "tourn"]
[EventRounds "9"]
[EventCountry "USA"]
[SourceTitle "EXT 2017"]
[Source "ChessBase"]
[SourceDate "2016.10.25"]
[SourceVersion "1"]
[SourceVersionDate "2016.10.25"]
[SourceQuality "1"]

1. e4 e5 2. Nf3 Nc6 3. Bb5 f5 4. Nc3 Nf6 5. d4 exd4 6. Nxd4 fxe4 7. Bg5 Nxd4 8. Qxd4 c6 9. Nxe4 Qa5+ 10. Bd2 Qd8 11. Nxf6+ Qxf6 12. Qxf6 gxf6 13. Be2 Kf7 14. h4 d5 15. 0-0-0 Bf5 16. g4 Bd7 17. Bc3 Re8 18. Bf3 Bg7 19. Bd4 Rhg8 20. c4 Bxg4 21. Bxg4 Bh6+ 22. Kb1 Rxg4 23. cxd5 Rd8 24. f3 Rg3 25. dxc6 bxc6 26. Bxa7 Rxd1+ 27. Rxd1 Rxf3 28. Rd7+ Kg6 29. h5+ Kxh5 30. Rxh7 Kg6 31. Rb7 Be3 32. a4 f5 33. a5 f4 34. a6 Rf1+ 35. Ka2 Rh1 36. Bxe3 fxe3 37. Re7 Rh4 38. Rxe3 1-0

[Event "Bellevue Slugfest op"]
[Site "Bellevue"]
[Date "2006.10.15"]
[Round "5"]
[White "Koons, Nathaniel"]
[Black "Friedel, Joshua E"]
[Result "0-1"]
[WhiteElo "2280"]
[BlackElo "2480"]
[PlyCount "32"]
[EventDate "2006.10.13"]
[EventType "swiss"]
[EventRounds "6"]
[EventCountry "USA"]
[SourceTitle "CBM 114 Extra"]
[Source "ChessBase"]
[SourceDate "2006.11.03"]
[SourceVersion "1"]
[SourceVersionDate "2006.11.03"]
[SourceQuality "1"]

1. Nf3 Nc6 2. e4 e5 3. Bc4 Nf6 4. d4 exd4 5. e5 d5 6. Bb5 Ne4 7. Nxd4 Bc5 8. 0-0 0-0 9. Bxc6 bxc6 10. b4 Bb6 11. Be3 Qe8 12. Nd2 Nc3 13. Qh5 f6 14. Qxe8 Rxe8 15. Rfe1 Ba6 16. Nxc6 Ne2+ 0-1

[Event "Bellevue Slugfest op"]
[Site "Bellevue"]
[Date "2006.10.14"]
[Round "3"]
[White "Shabalov, Alexander"]
[Black "Koons, Nathaniel"]
[Result "1-0"]
[WhiteElo "2604"]
[BlackElo "2280"]
[PlyCount "95"]
[EventDate "2006.10.13"]
[EventType "swiss"]
[EventRounds "6"]
[EventCountry "USA"]
[SourceTitle "CBM 114 Extra"]
[Source "ChessBase"]
[SourceDate "2006.11.03"]
[SourceVersion "1"]
[SourceVersionDate "2006.11.03"]
[SourceQuality "1"]

1. e4 e5 2. Nf3 Nc6 3. Bb5 Nf6 4. 0-0 Nxe4 5. d4 Be7 6. dxe5 d5 7. c4 a6 8. Bxc6+ bxc6 9. Qc2 0-0 10. Be3 f5 11. Nd4 Qd7 12. Ne2 c5 13. cxd5 Qxd5 14. f3 Ng5 15. Qd2 Qxd2 16. Nxd2 Ne6 17. Rac1 f4 18. Bf2 Rf5 19. Nc4 a5 20. Nc3 Ba6 21. Ne4 Bxc4 22. Rxc4 Rxe5 23. Rfc1 Rb8 24. b3 Rb4 25. Be1 Rb5 26. Kf1 g5 27. Ra4 Bd6 28. Bxa5 c4 29. Bc3 Rxe4 30. fxe4 cxb3 31. Rb1 Nc5 32. Rc4 Kf7 33. a4 Rb7 34. a5 Ke6 35. Ke2 Nd7 36. Bd4 c5 37. Bb2 Ra7 38. Bc3 Ne5 39. Ra4 c4 40. a6 g4 41. Bd4 Ra8 42. Kd2 f3 43. g3 f2 44. Ke2 Nf3 45. Bxf2 Be5 46. a7 Nd4+ 47. Bxd4 Bxd4 48. Rxc4 1-0

[Event "Western Canadian op"]
[Site "Richmond"]
[Date "2004.07.13"]
[Round "5"]
[White "Koons, Nathaniel"]
[Black "Pechisker, Alfred"]
[Result "1-0"]
[WhiteElo "2267"]
[BlackElo "2042"]
[PlyCount "63"]
[EventDate "2004.07.09"]
[EventType "swiss"]
[EventRounds "10"]
[EventCountry "CAN"]
[SourceTitle "CBM 101 Extra"]
[Source "ChessBase"]
[SourceDate "2004.09.01"]
[SourceVersion "2"]
[SourceVersionDate "2004.09.01"]
[SourceQuality "1"]

1. d4 Nf6 2. c4 c5 3. Nf3 cxd4 4. Nxd4 g6 5. Nc3 Bg7 6. e4 d6 7. Be2 0-0 8. 0-0 Nc6 9. Nc2 Bd7 10. Bg5 Rc8 11. Qd2 Ne5 12. Ne3 b5 13. Bxf6 Bxf6 14. cxb5 Be6 15. Ncd5 Bg7 16. Rac1 f5 17. f4 Nf7 18. exf5 gxf5 19. Kh1 Bd7 20. Rxc8 Bxc8 21. Nb4 e5 22. Nc6 Qe8 23. Bh5 exf4 24. Nd5 Bb7 25. Re1 Qd7 26. Re7 Bxc6 27. Rxd7 Bxd7 28. Ne7+ Kh8 29. Bxf7 Rxf7 30. Qxd6 Bxb5 31. Qb8+ Bf8 32. Qe5+ 1-0

[Event "Western Canadian op"]
[Site "Richmond"]
[Date "2004.07.12"]
[Round "4"]
[White "Kyriakides, Savvas"]
[Black "Koons, Nathaniel"]
[Result "0-1"]
[WhiteElo "2240"]
[BlackElo "2267"]
[PlyCount "38"]
[EventDate "2004.07.09"]
[EventType "swiss"]
[EventRounds "10"]
[EventCountry "CAN"]
[SourceTitle "CBM 101 Extra"]
[Source "ChessBase"]
[SourceDate "2004.09.01"]
[SourceVersion "2"]
[SourceVersionDate "2004.09.01"]
[SourceQuality "1"]

1. e4 e5 2. Nf3 Nc6 3. Bb5 f5 4. d3 Nf6 5. Qe2 Bc5 6. Bxc6 bxc6 7. Nxe5 Qe7 8. exf5 0-0 9. d4 Bb6 10. Be3 d6 11. Nc4 Ba6 12. a4 d5 13. a5 Bxc4 14. Qd1 Ne4 15. axb6 Nxf2 16. Kxf2 Rxf5+ 17. Qf3 Qh4+ 18. g3 Rxf3+ 19. Kxf3 Qe4+ 0-1

[Event "US Open-101"]
[Site "Saint Paul"]
[Date "2000.08.09"]
[Round "5"]
[White "Koons, Nathaniel"]
[Black "Kaufman, Raymond"]
[Result "1-0"]
[WhiteElo "2171"]
[BlackElo "2171"]
[PlyCount "111"]
[EventDate "2000.08.05"]
[EventType "swiss"]
[EventRounds "9"]
[EventCountry "USA"]
[SourceTitle "EXT 2001"]
[Source "ChessBase"]
[SourceDate "2000.11.22"]
[SourceVersion "1"]
[SourceVersionDate "2000.11.22"]
[SourceQuality "1"]

1. e4 e5 2. Nf3 Nc6 3. Bb5 a6 4. Ba4 Nf6 5. 0-0 Be7 6. Re1 b5 7. Bb3 0-0 8. a4 Bb7 9. d3 d6 10. c3 Nd7 11. d4 Nb6 12. a5 Nc4 13. Bxc4 bxc4 14. d5 Nb8 15. Nbd2 f5 16. Nxc4 fxe4 17. Rxe4 Nd7 18. Re1 Nf6 19. Ne3 Ne4 20. c4 Nxf2 21. Kxf2 e4 22. Nf5 Rxf5 23. Rxe4 c6 24. Rf4 Rxf4 25. Bxf4 cxd5 26. cxd5 Qf8 27. Qd2 Qf5 28. Re1 Rc8 29. Rxe7 Rc2 30. Rxb7 Rxd2+ 31. Bxd2 Qxd5 32. Rb8+ Kf7 33. Bc3 Qc5+ 34. Nd4 Qc4 35. Rb7+ Kg8 36. Nf3 Qc5+ 37. Kg3 g6 38. Rg7+ Kf8 39. Rxh7 d5 40. Rh4 Qd6+ 41. Rf4+ Ke8 42. h4 Kd8 43. Kg4 Qe6+ 44. Kg5 Qe3 45. g4 Ke8 46. h5 gxh5 47. gxh5 Qf2 48. Ne5 Qg3+ 49. Ng4 Qg1 50. h6 Qc5 51. Bb4 Qc1 52. Bc3 Qh1 53. h7 d4 54. Bxd4 Qd5+ 55. Be5 Qd8+ 56. Kh5 1-0